[Event "PAR-ch sf"]
[Site "Asuncion"]
[Date "2023.11.04"]
[Round "6"]
[White "Barrera Caicedo, Hubert Steven"]
[Black "Riline Orso, Alejandro"]
[Result "1-0"]
[WhiteElo "1856"]
[BlackElo "2051"]
[PlyCount "65"]
[EventDate "2023.10.27"]
[EventType "swiss"]
[EventRounds "9"]
[EventCountry "PAR"]
[SourceTitle "CB48_2023"]
[SourceDate "2023.11.29"]
[SourceVersion "1"]
[SourceVersionDate "2023.11.29"]
[SourceQuality "1"]

1. e4 d6 2. d4 Nf6 3. f3 g6 4. Be3 Bg7 5. Nc3 c6 6. Qd2 h5 7. a4 b6 8. d5 c5 9. Bb5+ Nfd7 10. f4 Bb7 11. Nf3 a6 12. Bc4 Nf6 13. h3 Nfd7 14. 0-0 0-0 15. Ng5 b5 16. axb5 Nb6 17. b3 axb5 18. Rxa8 Nxa8 19. Nxb5 Nd7 20. f5 Ne5 21. fxg6 fxg6 22. Ne6 Rxf1+ 23. Bxf1 Qe8 24. Qa5 Nf7 25. Na7 Bf6 26. Bb5 Qb8 27. Nc6 Qc8 28. Qa7 Qd7 29. Qb8+ Qc8 30. Qa7 Qd7 31. Ne5 Qxb5 32. Qb8+ Kh7 33. Nxf7 1-0

[Event "Asuncion zt 2.5"]
[Site "Asuncion"]
[Date "2023.03.09"]
[Round "7"]
[White "Gonzalez, Augusto"]
[Black "Riline Orso, Alejandro"]
[Result "1/2-1/2"]
[WhiteElo "1776"]
[BlackElo "2078"]
[PlyCount "82"]
[EventDate "2023.03.05"]
[EventType "swiss"]
[EventRounds "9"]
[EventCountry "PAR"]
[SourceTitle "CBM 213 Extra"]
[Source "ChessBase"]
[SourceDate "2023.05.31"]
[SourceVersion "1"]
[SourceVersionDate "2023.05.31"]
[SourceQuality "1"]

1. e4 e6 2. d4 d5 3. exd5 exd5 4. c4 Nf6 5. Nc3 Be7 6. cxd5 Nxd5 7. Bc4 Nf6 8. Nf3 0-0 9. Ne5 Nbd7 10. 0-0 Nb6 11. Bb3 c6 12. Re1 Nfd5 13. Bc2 f5 14. Bb3 g6 15. Bh6 Re8 16. Qf3 Bf6 17. Qg3 Bh4 18. Qf3 Be6 19. g3 Bg5 20. Bxg5 Qxg5 21. Rad1 Rad8 22. Ne2 Kg7 23. Kh1 a5 24. a3 a4 25. Ba2 Nc7 26. Bxe6 Nxe6 27. Nd3 Qf6 28. Nc5 Ng5 29. Qg2 Re7 30. Nf4 Rde8 31. Rxe7+ Rxe7 32. f3 Nc4 33. h4 Nf7 34. Qf2 Nb6 35. Re1 Nd8 36. Rxe7+ Qxe7 37. Qe2 Qxe2 38. Nxe2 Kf6 39. Kg2 Nc4 40. Nxa4 b5 41. Nac3 Nxb2 1/2-1/2

[Event "Asuncion zt 2.5"]
[Site "Asuncion"]
[Date "2023.03.08"]
[Round "5"]
[White "Frutos Moreno, Carlos Manuel"]
[Black "Riline Orso, Alejandro"]
[Result "0-1"]
[WhiteElo "1638"]
[BlackElo "2078"]
[PlyCount "86"]
[EventDate "2023.03.05"]
[EventType "swiss"]
[EventRounds "9"]
[EventCountry "PAR"]
[SourceTitle "CBM 213 Extra"]
[Source "ChessBase"]
[SourceDate "2023.05.31"]
[SourceVersion "1"]
[SourceVersionDate "2023.05.31"]
[SourceQuality "1"]

1. e4 d6 2. Bc4 Nf6 3. d3 c6 4. Bb3 e5 5. Nc3 Be7 6. f4 0-0 7. Nf3 Nbd7 8. 0-0 b5 9. Qe1 Nc5 10. f5 Nxb3 11. axb3 Re8 12. Kh1 Bb7 13. Qh4 Nd7 14. Qh5 Nf6 15. Qh3 b4 16. Ne2 d5 17. Nxe5 dxe4 18. dxe4 Nxe4 19. Qh5 Qd5 20. Nd3 c5 21. Nef4 Qd6 22. Be3 Bf6 23. Qg4 Kh8 24. Rf3 Bd4 25. Nh5 Rg8 26. Bf4 Qd5 27. Raf1 g6 28. fxg6 Rxg6 29. Qh3 Rf8 30. Ng3 Bc8 31. Qh4 Bf6 32. Bg5 Nxg3+ 33. Qxg3 Bxg5 34. Ne5 Rg7 35. Rd3 Qe6 36. Re1 Qh6 37. Nf3 Bf4 38. Qf2 Bg3 39. Qxc5 Rfg8 40. Red1 Bg4 41. Rd8 Bxf3 42. Rxg8+ Rxg8 43. Qd4+ f6 0-1

[Event "Asuncion zt 2.5"]
[Site "Asuncion"]
[Date "2023.03.08"]
[Round "6"]
[White "Riline Orso, Alejandro"]
[Black "Larrea, Manuel"]
[Result "1/2-1/2"]
[WhiteElo "2078"]
[BlackElo "2323"]
[PlyCount "212"]
[EventDate "2023.03.05"]
[EventType "swiss"]
[EventRounds "9"]
[EventCountry "PAR"]
[SourceTitle "CBM 213 Extra"]
[Source "ChessBase"]
[SourceDate "2023.05.31"]
[SourceVersion "1"]
[SourceVersionDate "2023.05.31"]
[SourceQuality "1"]

1. d4 Nf6 2. Nf3 g6 3. Nc3 d5 4. Bf4 Bg7 5. h3 0-0 6. e3 b6 7. Nb5 Ne8 8. a4 a6 9. Nc3 Bb7 10. Be2 Nd7 11. 0-0 c5 12. Nb1 Rc8 13. c3 cxd4 14. exd4 f6 15. Nbd2 e5 16. dxe5 fxe5 17. Bg5 Bf6 18. Be3 Nd6 19. Re1 Nf5 20. Nf1 Nc5 21. Bc1 Ne6 22. N3h2 h5 23. Bd3 e4 24. Bc2 Kg7 25. Ne3 Nh4 26. g3 Be5 27. Nef1 Ng5 28. Bxg5 Qxg5 29. Qd2 Qxd2 30. Nxd2 Nf5 31. Nhf1 Bd6 32. Re2 a5 33. Nb3 Ba6 34. Ree1 e3 35. Nxe3 Nxg3 36. fxg3 Bxg3 37. Nd4 Bxe1 38. Ne6+ Kg8 39. Nxf8 Bd2 40. Nf1 Bxf1 41. Nxg6 Bxh3 42. Ne7+ Kf7 43. Nxc8 Be3+ 44. Kh2 Bxc8 45. Bb3 Bf4+ 46. Kg2 Ke6 47. Rh1 Kd6 48. Rxh5 Bc1 49. Rxd5+ Kc7 50. Kf2 Bxb2 51. Rd2 Ba3 52. Rd3 Bc5+ 53. Ke1 Bf5 54. Rf3 Bd7 55. Rf7 Kd6 56. c4 Be6 57. Rf6 Ke5 58. Rh6 Bg4 59. Kd2 Bb4+ 60. Kc2 Bc5 61. Kb2 Bd4+ 62. Ka2 Bc5 63. Bc2 Bf2 64. Kb3 Bc5 65. Rg6 Be6 66. Rg2 Kd6 67. Rd2+ Ke5 68. Bd1 Bf7 69. Bf3 Be6 70. Bd5 Bg4 71. Bc6 Be6 72. Bb5 Bg4 73. Rd5+ Ke4 74. Kc2 Ke3 75. Bc6 Kf4 76. Bd7 Bf3 77. Rf5+ Ke3 78. Rf7 Be2 79. Bb5 Bd3+ 80. Kc3 Bb4+ 81. Kb3 Bc5 82. Rf6 Kd2 83. Rf4 Bc2+ 84. Kb2 Bd1 85. Rh4 Be2 86. Rh2 Kd3 87. Rh3+ Kd2 88. Rg3 Bd4+ 89. Ka2 Bc5 90. Rg2 Kd3 91. Be8 Ke3 92. Bf7 Bd1 93. Be8 Be2 94. Bb5 Kd3 95. Kb1 Kd2 96. Bd7 Ke3 97. Be6 Bd1 98. Bd7 Be2 99. Bb5 Kd3 100. Ka2 Ke3 101. Rg3+ Kd2 102. Ba6 Bd1 103. Bb5 Be2 104. Rh3 Bd1 105. Rh2+ Be2 106. Kb3 Kd3 1/2-1/2

[Event "Asuncion zt 2.5"]
[Site "Asuncion"]
[Date "2023.03.07"]
[Round "4"]
[White "Riline Orso, Alejandro"]
[Black "Heinechen, John"]
[Result "1/2-1/2"]
[WhiteElo "2078"]
[BlackElo "1898"]
[PlyCount "39"]
[EventDate "2023.03.05"]
[EventType "swiss"]
[EventRounds "9"]
[EventCountry "PAR"]
[SourceTitle "CBM 213 Extra"]
[Source "ChessBase"]
[SourceDate "2023.05.31"]
[SourceVersion "1"]
[SourceVersionDate "2023.05.31"]
[SourceQuality "1"]

1. d4 Nf6 2. c4 e6 3. Nc3 Bb4 4. a3 Bxc3+ 5. bxc3 b6 6. Qc2 Bb7 7. f3 d6 8. e4 Nbd7 9. Bd3 Qe7 10. a4 a5 11. Ne2 h6 12. Ba3 e5 13. 0-0 0-0 14. Ng3 g6 15. f4 Ng4 16. fxe5 Qh4 17. h3 Ne3 18. Qf2 Nxf1 19. Rxf1 dxe5 20. Bxf8 1/2-1/2

[Event "Asuncion Fernando Memorial"]
[Site "Asuncion"]
[Date "2021.08.28"]
[Round "3"]
[White "Munoz Orozco, Sashir Nicolas"]
[Black "Riline Orso, Alejandro"]
[Result "0-1"]
[WhiteElo "1707"]
[BlackElo "2136"]
[PlyCount "152"]
[EventDate "2021.08.27"]
[EventType "swiss"]
[EventRounds "7"]
[EventCountry "PAR"]
[SourceTitle "EXT 2022"]
[Source "ChessBase"]
[SourceDate "2021.10.06"]
[SourceVersion "1"]
[SourceVersionDate "2021.10.06"]
[SourceQuality "1"]

1. d4 d5 2. Nf3 Nf6 3. Bf4 g6 4. c3 Bg7 5. h3 0-0 6. e3 Nbd7 7. Nbd2 c5 8. Ne5 Qb6 9. b3 Nxe5 10. Bxe5 Nd7 11. Bh2 e5 12. dxe5 Nxe5 13. Rc1 Bf5 14. Bxe5 Bxe5 15. Nf3 Bf6 16. Bd3 Be6 17. 0-0 Rad8 18. Qe2 Rfe8 19. Rfe1 Bd7 20. Qc2 Bc6 21. Nd2 Qc7 22. c4 d4 23. e4 Bg5 24. Rcd1 Bxd2 25. Qxd2 Re7 26. Re2 Rde8 27. Rde1 a5 28. Qg5 Qe5 29. Qg4 Bd7 30. Qh4 g5 31. Qg3 Qxg3 32. fxg3 Re5 33. g4 Bc6 34. Kh2 Kg7 35. Kg3 R8e6 36. Bc2 Rf6 37. Bd3 Rf4 38. Bc2 Kf6 39. Bd3 Ke7 40. Rf2 Rxf2 41. Kxf2 Kd6 42. Kg3 h6 43. Re2 Re7 44. Re1 f6 45. Re2 Re8 46. Re1 a4 47. Re2 Ra8 48. Rf2 axb3 49. axb3 Ke7 50. Rf5 Ra3 51. Bc2 Ra2 52. Rf2 b5 53. Bd3 Rxf2 54. Kxf2 bxc4 55. bxc4 Kd6 56. Ke2 Ke5 57. Kf3 h5 58. g3 hxg4+ 59. hxg4 Bd7 60. Bc2 Be6 61. Bd3 Bc8 62. Bb1 Kd6 63. Bd3 Kc7 64. Bb1 Kb6 65. Ke2 Bxg4+ 66. Kd3 Kc7 67. Bc2 Kd6 68. Ba4 Bd7 69. Bd1 Ke5 70. Bh5 Bh3 71. Bf7 Bf1+ 72. Kd2 Kxe4 73. Bd5+ Ke5 74. Bf7 Bh3 75. Bg6 Bf5 76. Bf7 Be6 0-1

[Event "Asuncion Fernando Memorial"]
[Site "Asuncion"]
[Date "2021.08.28"]
[Round "2"]
[White "Riline Orso, Alejandro"]
[Black "Gomez, Osmar"]
[Result "1-0"]
[WhiteElo "2136"]
[BlackElo "1581"]
[PlyCount "71"]
[EventDate "2021.08.27"]
[EventType "swiss"]
[EventRounds "7"]
[EventCountry "PAR"]
[SourceTitle "EXT 2022"]
[Source "ChessBase"]
[SourceDate "2021.10.06"]
[SourceVersion "1"]
[SourceVersionDate "2021.10.06"]
[SourceQuality "1"]

1. Nf3 Nf6 2. g3 d6 3. d4 g6 4. b3 Bg7 5. Bb2 0-0 6. Bg2 Nbd7 7. 0-0 Re8 8. c4 e5 9. dxe5 Ng4 10. Nc3 Ngxe5 11. Nd4 Nf6 12. Qd2 Rb8 13. h3 a6 14. f4 Ned7 15. e4 Nc5 16. Rae1 Ne6 17. Nc2 b6 18. f5 Nc5 19. Nb4 Bb7 20. Nbd5 Nxd5 21. exd5 Bc8 22. Rxe8+ Qxe8 23. f6 Bf8 24. Ne2 Bf5 25. Nd4 Bd7 26. Re1 Qc8 27. Kh2 Qb7 28. Nc6 Bxc6 29. dxc6 Qc8 30. b4 Ne6 31. Bd5 Nd8 32. Re8 Qf5 33. Qh6 Ne6 34. Rxb8 Qf2+ 35. Bg2 Qxb2 36. Rxf8+ 1-0

[Event "Titled Tuesday intern op 18th May"]
[Site "Chess.com INT"]
[Date "2021.05.18"]
[Round "8"]
[White "Koval, Artem"]
[Black "Riline Orso, Alejandro"]
[Result "0-1"]
[WhiteElo "2211"]
[BlackElo "2136"]
[PlyCount "102"]
[EventDate "2021.05.18"]
[EventType "swiss (blitz)"]
[EventRounds "11"]
[EventCountry "USA"]
[SourceTitle "CBM 202 Extra"]
[Source "ChessBase"]
[SourceDate "2021.07.31"]
[SourceVersion "1"]
[SourceVersionDate "2021.07.31"]
[SourceQuality "1"]

1. Nf3 Nf6 2. c4 e6 3. d4 b6 4. e3 Bb7 5. Be2 g6 6. 0-0 Bg7 7. b3 0-0 8. Bb2 d6 9. Nbd2 Nbd7 10. a3 a6 11. b4 Re8 12. Qc2 c5 13. dxc5 bxc5 14. b5 d5 15. a4 a5 16. Rfd1 Qc7 17. Nb3 dxc4 18. Qxc4 Bd5 19. Qc2 c4 20. Nbd2 Qb7 21. Rac1 Rec8 22. Bc3 Nb6 23. Ne1 Ne4 24. Nxe4 Bxe4 25. Qa2 Bxc3 26. Rxc3 Bd5 27. Bf3 Qe7 28. Bxd5 exd5 29. Nf3 Qb4 30. Ra3 c3 31. Nd4 Nc4 32. Rb3 Qe7 33. Rxc3 Nb6 34. Rdc1 Rc4 35. Nc6 Qc5 36. Rxc4 dxc4 37. h3 Re8 38. Nxa5 Rxe3 39. Nxc4 Nxc4 40. Qxc4 Re1+ 41. Kh2 Rxc1 42. Qf4 Rb1 43. h4 Rb4 44. Qb8+ Kg7 45. Qa8 Rxh4+ 46. Kg3 Qg5+ 47. Kf3 Qg4+ 48. Ke3 Qd4+ 49. Kf3 Rf4+ 50. Kg3 Qxf2+ 51. Kh3 Rh4# 0-1

[Event "Titled Tuesday intern op 18th May"]
[Site "Chess.com INT"]
[Date "2021.05.18"]
[Round "4"]
[White "Riline Orso, Alejandro"]
[Black "German, Sergio"]
[Result "1-0"]
[WhiteElo "2136"]
[BlackElo "2365"]
[PlyCount "47"]
[EventDate "2021.05.18"]
[EventType "swiss (blitz)"]
[EventRounds "11"]
[EventCountry "USA"]
[SourceTitle "CBM 202 Extra"]
[Source "ChessBase"]
[SourceDate "2021.07.31"]
[SourceVersion "1"]
[SourceVersionDate "2021.07.31"]
[SourceQuality "1"]

1. e4 e5 2. Nf3 Nc6 3. d4 exd4 4. Nxd4 Bc5 5. Nxc6 Qf6 6. Qf3 Qxf3 7. gxf3 dxc6 8. Nc3 Be6 9. Be3 Bxe3 10. fxe3 Ne7 11. 0-0-0 0-0 12. f4 Rad8 13. Bd3 f6 14. Rhg1 Kh8 15. Rg3 c5 16. b3 Nc6 17. Rdg1 Rf7 18. f5 Bc8 19. Bc4 Re7 20. Nd5 Rxe4 21. Rxg7 Bxf5 22. Nxf6 Rxc4 23. Rg8+ Rxg8 24. Rxg8# 1-0

[Event "Titled Tuesday intern op 22nd Dec"]
[Site "Chess.com INT"]
[Date "2020.12.22"]
[Round "6"]
[White "Colbow, Collin"]
[Black "Riline Orso, Alejandro"]
[Result "1/2-1/2"]
[WhiteElo "2339"]
[BlackElo "2143"]
[PlyCount "136"]
[EventDate "2020.12.22"]
[EventType "swiss (blitz)"]
[EventRounds "11"]
[EventCountry "USA"]
[SourceTitle "CBM 199 Extra"]
[Source "ChessBase"]
[SourceDate "2021.01.31"]
[SourceVersion "1"]
[SourceVersionDate "2021.01.31"]
[SourceQuality "1"]

1. e4 c5 2. Nf3 d6 3. d4 cxd4 4. Nxd4 Nf6 5. Nc3 a6 6. Be2 e5 7. Nb3 Be7 8. Be3 Be6 9. Qd3 Nbd7 10. 0-0 0-0 11. Nd5 Bxd5 12. exd5 a5 13. c4 b6 14. Nd2 Nc5 15. Qc2 Rc8 16. b3 Nfd7 17. a3 Bg5 18. b4 Bxe3 19. fxe3 Nb7 20. Qd3 Qe7 21. Bg4 Ra8 22. Bxd7 Qxd7 23. e4 Ra7 24. Nf3 Rfa8 25. Qc3 h6 26. Nd2 Qg4 27. h3 Qg5 28. Nb3 Qh4 29. Qf3 f6 30. Kh2 Qg5 31. g3 Kh8 32. h4 Qg6 33. g4 Nd8 34. Qf5 Qe8 35. g5 fxg5 36. hxg5 Qh5+ 37. Kg3 axb4 38. axb4 Rxa1 39. Rxa1 Rxa1 40. Nxa1 Qxg5+ 41. Qxg5 hxg5 42. Kg4 Nf7 43. Kf5 Kg8 44. Nc2 Kf8 45. Ne3 Ke7 46. Ng4 Kd7 47. Kg6 Nh6 48. Kxg5 Ng8 49. Kg6 Ne7+ 50. Kxg7 Nc8 51. Kf7 Na7 52. Nf6+ Kc7 53. Ke7 Nc8+ 54. Ke6 b5 55. cxb5 Nb6 56. Ne8+ Kb7 57. Nxd6+ Ka7 58. Kxe5 Na4 59. Kd4 Kb6 60. e5 Nb2 61. e6 Kc7 62. Ke5 Nd3+ 63. Kf6 Kxd6 64. b6 Nxb4 65. b7 Nxd5+ 66. Kf7 Kc7 67. e7 Nxe7 68. Kxe7 Kxb7 1/2-1/2

[Event "Titled Tuesday intern op 22nd Dec"]
[Site "Chess.com INT"]
[Date "2020.12.22"]
[Round "8"]
[White "Kretov, Evgenij"]
[Black "Riline Orso, Alejandro"]
[Result "0-1"]
[WhiteElo "2269"]
[BlackElo "2143"]
[PlyCount "62"]
[EventDate "2020.12.22"]
[EventType "swiss (blitz)"]
[EventRounds "11"]
[EventCountry "USA"]
[SourceTitle "CBM 199 Extra"]
[Source "ChessBase"]
[SourceDate "2021.01.31"]
[SourceVersion "1"]
[SourceVersionDate "2021.01.31"]
[SourceQuality "1"]

1. d4 Nf6 2. c4 e6 3. Nc3 d5 4. cxd5 exd5 5. Bg5 c6 6. e3 Be7 7. Bd3 Nbd7 8. Qc2 Nh5 9. Bxe7 Qxe7 10. Nge2 g6 11. h3 Nb6 12. 0-0-0 Bd7 13. Kb1 0-0-0 14. Na4 Nxa4 15. Qxa4 Kb8 16. Qa5 Rc8 17. Rc1 Ng7 18. Rc3 Qd8 19. Qb4 Ne6 20. Rb3 Rc7 21. Nc3 Bc8 22. Rc1 c5 23. dxc5 Nxc5 24. Qd4 Nxd3 25. Qxd3 Bf5 26. e4 dxe4 27. Qxd8+ Rxd8 28. g4 Be6 29. Rb4 f5 30. gxf5 gxf5 31. Nb5 Bxa2+ 0-1

[Event "Titled Tuesday intern op 22nd Dec"]
[Site "Chess.com INT"]
[Date "2020.12.22"]
[Round "4"]
[White "Riline Orso, Alejandro"]
[Black "Gabriel, Robert A"]
[Result "1-0"]
[WhiteElo "2143"]
[BlackElo "2236"]
[PlyCount "59"]
[EventDate "2020.12.22"]
[EventType "swiss (blitz)"]
[EventRounds "11"]
[EventCountry "USA"]
[SourceTitle "CBM 199 Extra"]
[Source "ChessBase"]
[SourceDate "2021.01.31"]
[SourceVersion "1"]
[SourceVersionDate "2021.01.31"]
[SourceQuality "1"]

1. d4 d5 2. c4 e6 3. Nc3 Nf6 4. cxd5 exd5 5. Bg5 c6 6. e3 Be7 7. Bd3 Nbd7 8. Qc2 0-0 9. Nge2 Re8 10. 0-0 Nf8 11. f3 Ng6 12. Rad1 Be6 13. Kh1 h6 14. Bxf6 Bxf6 15. Bxg6 fxg6 16. Qxg6 Bf7 17. Qd3 Bg5 18. e4 dxe4 19. fxe4 Bg6 20. Qc4+ Kh8 21. e5 Qd7 22. Ng3 Rf8 23. Nce4 Bh4 24. Qb4 Rxf1+ 25. Rxf1 Qg4 26. Qxb7 Rd8 27. Qxc6 Rxd4 28. Nf2 Qd7 29. Qxg6 Bxg3 30. Qxg3 1-0

[Event "Titled Tuesday intern op 10th Nov"]
[Site "Chess.com INT"]
[Date "2020.11.10"]
[Round "6"]
[White "Riline Orso, Alejandro"]
[Black "Doluhanova, Evgeniya"]
[Result "1-0"]
[WhiteElo "2143"]
[BlackElo "2229"]
[PlyCount "81"]
[EventDate "2020.11.10"]
[EventType "swiss (blitz)"]
[EventRounds "11"]
[EventCountry "USA"]
[SourceTitle "CBM 199 Extra"]
[Source "ChessBase"]
[SourceDate "2021.01.31"]
[SourceVersion "1"]
[SourceVersionDate "2021.01.31"]
[SourceQuality "1"]

1. d4 Nf6 2. c4 e6 3. Nc3 Bb4 4. a3 Bxc3+ 5. bxc3 0-0 6. f3 d6 7. e4 e5 8. Bd3 b6 9. Bg5 h6 10. Bh4 a5 11. Ne2 Ba6 12. 0-0 Nbd7 13. Kh1 Re8 14. Qd2 Nf8 15. Bf2 Ng6 16. g4 Nh7 17. Rg1 Ng5 18. Qe3 Qf6 19. Rg3 Nf4 20. Ng1 Nxd3 21. Qxd3 exd4 22. Bxd4 Qe7 23. h4 Ne6 24. g5 hxg5 25. hxg5 Nxg5 26. Ra2 f6 27. Rag2 Kf7 28. Ne2 Rh8+ 29. Kg1 Ne6 30. f4 Rh7 31. f5 Ng5 32. Nf4 Qxe4 33. Qxe4 Nxe4 34. Re3 Ng5 35. Ne6 Bxc4 36. Nxc7 Rc8 37. Ne6 Nxe6 38. fxe6+ Bxe6 39. Rge2 Re8 40. Bxb6 Bf5 41. Rxe8 1-0

[Event "Titled Tuesday intern op 20th Oct"]
[Site "Chess.com INT"]
[Date "2020.10.20"]
[Round "8"]
[White "Playa, Marcelo"]
[Black "Riline Orso, Alejandro"]
[Result "1-0"]
[WhiteElo "2376"]
[BlackElo "2143"]
[PlyCount "83"]
[EventDate "2020.10.20"]
[EventType "swiss (blitz)"]
[EventRounds "11"]
[EventCountry "USA"]
[SourceTitle "EXT 2022"]
[Source "ChessBase"]
[SourceDate "2021.10.06"]
[SourceVersion "1"]
[SourceVersionDate "2021.10.06"]
[SourceQuality "1"]

1. e4 c5 2. Nf3 d6 3. d4 cxd4 4. Nxd4 Nf6 5. Nc3 a6 6. Bg5 e6 7. f4 Be7 8. Qf3 Nbd7 9. 0-0-0 h6 10. Bh4 g5 11. fxg5 Ne5 12. Qe2 Nfg4 13. Kb1 hxg5 14. Bg3 Qc7 15. Nf3 Nxf3 16. gxf3 Ne5 17. f4 gxf4 18. Bxf4 Bd7 19. h4 0-0-0 20. h5 Kb8 21. h6 Ng6 22. Be3 Bc6 23. Bd4 e5 24. Be3 f5 25. exf5 Nf4 26. Bxf4 Bxh1 27. Be3 Bc6 28. Bg2 Rdf8 29. Bxc6 Qxc6 30. Nd5 Bd8 31. Qd3 Qa4 32. c4 e4 33. Qd4 Rxf5 34. Qa7+ Kc8 35. Qa8+ Kd7 36. Qxb7+ Ke6 37. b3 Qd7 38. Qxa6 Rxd5 39. cxd5+ Kf7 40. Qc4 Qf5 41. Rf1 Qxf1+ 42. Qxf1+ 1-0

[Event "Titled Tuesday intern op 13th Oct"]
[Site "Chess.com INT"]
[Date "2020.10.13"]
[Round "2"]
[White "Riline Orso, Alejandro"]
[Black "Parnali, S Dharia"]
[Result "1-0"]
[WhiteElo "2143"]
[BlackElo "2243"]
[PlyCount "93"]
[EventDate "2020.10.13"]
[EventType "swiss (blitz)"]
[EventRounds "10"]
[EventCountry "USA"]
[SourceTitle "CBM 198 Extra"]
[Source "ChessBase"]
[SourceDate "2020.11.30"]
[SourceVersion "1"]
[SourceVersionDate "2020.11.30"]
[SourceQuality "1"]

1. d4 d5 2. c4 Nf6 3. Nc3 e6 4. cxd5 exd5 5. Bg5 Be7 6. e3 c6 7. Bd3 Nbd7 8. Qc2 Nh5 9. Bxe7 Qxe7 10. Nge2 Nb6 11. 0-0-0 Nf6 12. h3 Be6 13. Kb1 0-0-0 14. Rc1 Kb8 15. Na4 Nxa4 16. Qxa4 Nd7 17. Rc3 Nb6 18. Qa5 g5 19. Rhc1 h5 20. Ra3 Nc8 21. Rb3 h4 22. Rxc6 g4 23. hxg4 h3 24. gxh3 Rxh3 25. Rc1 Bxg4 26. Nc3 Be6 27. Nb5 b6 28. Qa4 Nd6 29. Nxd6 Qxd6 30. Rbc3 Rdh8 31. Ba6 Bf5+ 32. Ka1 Rh1 33. a3 Bd7 34. Qc2 Rxc1+ 35. Qxc1 b5 36. Qg1 Qxa6 37. Qg3+ Ka8 38. Qg7 Rc8 39. Rb3 b4 40. Qxf7 Rc1+ 41. Ka2 Qc4 42. Qxd7 Ra1+ 43. Kxa1 Qxb3 44. Qc6+ Kb8 45. Qb5+ Kc8 46. Qxb4 Qd1+ 47. Ka2 1-0

[Event "Titled Tuesday intern op 13th Oct"]
[Site "Chess.com INT"]
[Date "2020.10.13"]
[Round "4"]
[White "Riline Orso, Alejandro"]
[Black "Rusan, Paul Cristian"]
[Result "0-1"]
[WhiteElo "2143"]
[BlackElo "2106"]
[PlyCount "140"]
[EventDate "2020.10.13"]
[EventType "swiss (blitz)"]
[EventRounds "10"]
[EventCountry "USA"]
[SourceTitle "CBM 198 Extra"]
[Source "ChessBase"]
[SourceDate "2020.11.30"]
[SourceVersion "1"]
[SourceVersionDate "2020.11.30"]
[SourceQuality "1"]

1. d4 Nf6 2. c4 g6 3. Nc3 Bg7 4. Nf3 d6 5. e3 0-0 6. Be2 Nbd7 7. 0-0 e5 8. Qc2 Re8 9. h3 Qe7 10. Rd1 e4 11. Nd2 h5 12. b4 Nf8 13. Bf1 Bf5 14. a4 Ne6 15. Nb3 h4 16. Ba3 c6 17. Rab1 Ng5 18. d5 cxd5 19. Nxd5 Nxd5 20. Rxd5 Be5 21. Rbd1 Nf3+ 22. Kh1 Qg5 23. Nd4 Nxd4 24. exd4 e3 25. Qe2 Bf4 26. Bc1 exf2 27. Bxf4 Rxe2 28. Bxg5 Re1 29. Bxh4 Rxd1 30. Bxf2 Rxf1+ 31. Bg1 Re8 32. Rxd6 Ree1 33. Kh2 Rxg1 34. d5 Be4 35. Rd8+ Kg7 36. Kg3 Rxg2+ 37. Kf4 Bf5 38. d6 Rd2 39. c5 Red1 40. h4 b6 41. Ra8 bxc5 42. bxc5 Rd5 43. c6 R1d4+ 44. Ke3 Rxd6 45. c7 Rd3+ 46. Ke2 Rc3 47. Rxa7 Rdc6 48. a5 Rxc7 49. Ra8 Rc8 50. Ra7 R3c7 51. Ra6 Rd7 52. Rb6 Ra8 53. a6 Rda7 54. h5 Rxa6 55. Rb5 Ra5 56. Rb4 Ra4 57. Rb6 gxh5 58. Ke3 h4 59. Kf3 h3 60. Kg3 Ra3+ 61. Kh4 h2 62. Kg5 Be6 63. Rb1 Ra1 64. Rb8 Rxb8 65. Kf4 h1Q 66. Ke5 Qe1+ 67. Kd6 Rd1+ 68. Kc7 Qc3+ 69. Kxb8 Rb1+ 70. Ka7 Qa3# 0-1